Statistics for Државе које се граниче са Француском

Click here to take the quiz!

General Stats

  • This quiz has been taken 375 times
  • The average score is 8 of 10

Answer Stats

Дужина
границе
Држава% Correct
623 кмШпанија
98%
451 кмНемачка
98%
620 кмБелгија
94%
573 кмШвајцарска
92%
488 кмИталија
91%
57 кмАндора
85%
73 кмЛуксембург
85%
4 кмМонако
81%
673 кмБразил
53%
510 кмСуринам
44%

Score Distribution

Percentile by Number Answered

Percent of People with Each Score

Your Score History

You have not taken this quiz